000 00287nam a2200133Ia 4500
100 _aGokhale//S.W
942 _cBK
654 _aeconomics
245 _aPrinciples of Ecoomics and Management
260 _bMcGraw Hill
_c2003
082 _a658
_bGOK
300 _a408
546 _aENGLISH
999 _c32999
_d32999